<?xml version="1.0" encoding="UTF-8"?><?xml-stylesheet type="text/xsl" href="static/style.xsl"?><OAI-PMH xmlns="http://www.openarchives.org/OAI/2.0/" xmlns:xsi="http://www.w3.org/2001/XMLSchema-instance" xsi:schemaLocation="http://www.openarchives.org/OAI/2.0/ http://www.openarchives.org/OAI/2.0/OAI-PMH.xsd"><responseDate>2026-06-05T13:01:04Z</responseDate><request verb="GetRecord" identifier="oai:riuma.uma.es:10630/44815" metadataPrefix="marc">https://riuma.uma.es/rest/oai/request</request><GetRecord><record><header><identifier>oai:riuma.uma.es:10630/44815</identifier><datestamp>2026-01-24T00:45:59Z</datestamp><setSpec>com_10630_2254</setSpec><setSpec>col_10630_37953</setSpec></header><metadata><record xmlns="http://www.loc.gov/MARC21/slim" xmlns:dcterms="http://purl.org/dc/terms/" xmlns:doc="http://www.lyncode.com/xoai" xmlns:xsi="http://www.w3.org/2001/XMLSchema-instance" xsi:schemaLocation="http://www.loc.gov/MARC21/slim http://www.loc.gov/standards/marcxml/schema/MARC21slim.xsd">
   <leader>00925njm 22002777a 4500</leader>
   <datafield ind2=" " ind1=" " tag="042">
      <subfield code="a">dc</subfield>
   </datafield>
   <datafield ind2=" " ind1=" " tag="720">
      <subfield code="a">España Pérez, José Alberto</subfield>
      <subfield code="e">author</subfield>
   </datafield>
   <datafield ind2=" " ind1=" " tag="260">
      <subfield code="c">2022</subfield>
   </datafield>
   <datafield ind2=" " ind1=" " tag="520">
      <subfield code="a">Las restricciones de movilidad impuestas durante la pandemia forzó la implantación del trabajo a distancia. Ello tuvo una repercusión directa sobre el transporte y los desplazamientos que se suceden por motivos laborales, que son los responsables de la gran mayoría de las emisiones de gases contaminantes. Consecuentemente, se reveló como una posible solución para reducir la congestión de las carreteras. Por tal motivo, mediante una revisión bibliográfica y el examen de la reciente normativa dictada se profundiza en el cambio de concepción del teletrabajo y se analiza el posible papel de la Administración pública para estimular esta práctica y disminuir la utilización de los automóviles para ir a trabajar. Con los denominados planes de transporte al trabajo, regulados en la Ley de Economía Sostenible, se puede propiciar una movilidad más respetuosa con el entorno, cuando no, evitar los trayectos, recurriendo al teletrabajo.</subfield>
   </datafield>
   <datafield ind1="8" ind2=" " tag="024">
      <subfield code="a">España Pérez, J. A. (2022). El nuevo enfoque jurídico del teletrabajo como medida para una movilidad sostenible. Revista Vasca de Administración Pública, (122), 231–270. https://doi.org/10.47623/ivap-rvap.122.2022.07</subfield>
   </datafield>
   <datafield ind1="8" ind2=" " tag="024">
      <subfield code="a">https://hdl.handle.net/10630/44815</subfield>
   </datafield>
   <datafield ind1="8" ind2=" " tag="024">
      <subfield code="a">10.47623/ivap-rvap.122.2022.07</subfield>
   </datafield>
   <datafield tag="653" ind2=" " ind1=" ">
      <subfield code="a">Transporte sostenible</subfield>
   </datafield>
   <datafield ind2="0" ind1="0" tag="245">
      <subfield code="a">El nuevo enfoque jurídico del teletrabajo como medida para una movilidad sostenible</subfield>
   </datafield>
</record>
</metadata></record></GetRecord></OAI-PMH>